000 00232nam a2200097Ia 4500
001 797426
005 20250826170807.0
008 250824s9999 xx 000 0 und d
245 0 _aBÖCEK ATLASI
_cFATİH DİKMEN
260 _bTAZE KİTAP
999 _c797426
_d797426